00846cam a2200205 a 4500020001500000040000800015082002600023245009000049260003100139300003400170500012200204500004000326650003100366650001200397650002400409700002000433856005500453856006600508856006600574 a047150937X cDLC00a574 WIL 1991 A081 Or.00aPlant-animal interactions :bevolutionary ecology in tropical and temperate regions / aNew York :bWiley,cc1991. axiv, 639 p. :bill. ;c25 cm. aBased on papers from an international symposium, held at UNICAMP (Campinas State University), Campinas, Brazil, 1988. a"A Wiley-Interscience publication." 0aAnimal-plant relationships 0aEcology 0aEvolution (Biology)1 aPrice, Peter W.4 uhttp://www.loc.gov/catdir/toc/onix02/90039766.html42uhttp://www.loc.gov/catdir/enhancements/fy0706/90039766-b.html42uhttp://www.loc.gov/catdir/enhancements/fy0706/90039766-d.html